LEADER 01099nam a2200253 u 4500 001 000000053786 003 CaOOAMICUS 005 20070226115611.0 008 001121s1943 it u000 u lat u 035 $a10862010 040 $aPUL$bita 100 1 $aStickler, Alphonso M.,$ccard.,$d1910-2007.$0(OLS)http://pul/name/2722 245 10$aHistoria iuris canonici.$nI,$pHistoria fontium ad usum scholarium /$cA. Stickler. 260 $aTorino :$bLit. Eugenio Gili,$c1943. 300 $a346 p. ;$c25 cm 500 $aIn testa al front.: Pontificium Athenaeum Salesianum. 500 $aSul front.: Augustae Taurinorum, 1942-43. 504 $aBibliografia in nota. 650 4$aDiritto canonico$xStoria.$0(OLS)http://pul/subject/6162 850 $aPUL 852 $aPUL$W1$xDP1 Fondo Cecchetti$y53$m276 B 3$j70903$nBK-PRI$b $qFondi$B70903$CPULBib$Z2$F70903 $HPUL7572 $81 941 1 $a1 996 $6245$aHistoria iuris canonici.$nI,$pHistoria fontium ad usum scholarium$9(OLS)http://pul/title/72135 996 $6260$aTorino :$bLit. Eugenio Gili$9(OLS)http://pul/publisher/68637 LEADER 01606nam a2200361 a 4500 001 000000134381 003 CaOOAMICUS 005 20130613112953.0 008 130613s2004 it d u000 u ita r 020 $a88-15-10126-8 040 $aPUL$bita 041 1 $aita$heng 100 1 $aPutnam, Robert D.$0(OLS)http://pul/name/86563 240 10$aBowling alone.$lItaliano.$0(OLS)http://pul/title/169931 245 10$aCapitale sociale e individualismo :$bcrisi e rinascita della cultura civica in America /$cRobert D. Putnam ; edizione italiana a cura di Roberto Cartocci. 260 $aBologna :$bIl Mulino,$c©2004. 300 $aXI, 495 p. :$bgrafici ;$c22 cm 490 1 $aSaggi ;$v619 500 $aInclude indici. 504 $aBibliografia in nota. 651 4$aStati Uniti$xCiviltà.$0(OLS)http://pul/subject/24096 651 4$aStati Uniti$xCondizioni sociali.$0(OLS)http://pul/subject/19389 700 1 $aCartocci, Roberto.$0(OLS)http://pul/name/80705 830 0$aSaggi (Il Mulino) ;$v619.$0(OLS)http://pul/title/7843 850 $aPUL 852 $aPUL$W1$xDP1 Fondo E. Rossi$y115$m1 P 77$j154519$qFondi$q $B154068$CPULBib$Z2$F154068 $Hnull $81 941 1 $a1 960 $aStati Uniti d'America$924096 961 $aSul dorso collocazione ms. di E. Rossi: P 34 2 996 $6020$a88-15-10126-8$9(OLS)http://pul/number/153048 996 $6245$aCapitale sociale e individualismo :$bcrisi e rinascita della cultura civica in America$9(OLS)http://pul/title/169932 996 $6260$aBologna :$bIl Mulino$9(OLS)http://pul/publisher/47928